01862nam a22003614a 4500001001200000003000800012006001900020007001500039008004100054010001700095016002000112020004300132020004000175040002100215035002100236050002400257082001400281100002300295245013400318260005600452300001600508504006600524505042300590533015201013650005101165650005201216650002001268655002901288700002301317710001701340856012601357999001701483ebr10256391CaPaEBRm u cr cn|||||||||060616s2007 mdu sb 001 0 eng  z 20060198237 z1012794082DNLM z9780801885266 (hardcover : alk. paper) z0801885264 (hardcover : alk. paper) aCaPaEBRcCaPaEBR a(OCoLC)31035395714aR855.3b.E28 2007eb04a174.22221 aEaton, Margaret L.10aInnovation in medical technologyh[electronic resource] :bethical issues and challenges /cMargaret L. Eaton and Donald Kennedy. aBaltimore :bJohns Hopkins University Press,c2007. axii, 155 p. aIncludes bibliographical references (p. [143]-149) and index.0 aIntroduction : the need to ask questions about innovation -- Distinguishing innovative medical practice from research -- The modern history of human research ethics -- Innovation in the off-label use of drugs -- Innovative surgery -- Innovation in assisted reproduction -- Innovation in neuroimaging -- Questions, issues, and recommendations going forward -- Conclusion : final thoughts on the landscape of innovation. aElectronic reproduction.bPalo Alto, Calif. :cebrary,d2013.nAvailable via World Wide Web.nAccess may be limited to ebrary affiliated libraries. 0aMedical technologyxMoral and ethical aspects. 0aMedical innovationsxMoral and ethical aspects. 0aMedical ethics. 7aElectronic books.2local1 aKennedy, Donald L.2 aebrary, Inc.40uhttp://site.ebrary.com/lib/rucke/Doc?id=10256391zAn electronic book accessible through the World Wide Web; click to view c30099d30099